000 00483nam a22001931a 4500
001 1474
003 OSt
005 20260204211735.0
008 040119s2001||||dr ||||||b||||||||||spa||
050 _aRD 170 S34m
082 _aRD 170 S34m
100 _aSilié Gatón, José A.
245 _aMoral y civismo / José A. Silie Gatón
264 _aSanto Domingo : Centenario
300 _a187 p
500 _aIncluye bibliografia.
650 _a1.Moral y CívicaÌ
942 _2ddc
_cBK
999 _c1474
_d1474